[Event "10th Chennai Open 2018"]
[Site "Chennai IND"]
[Date "2018.01.19"]
[Round "2.3"]
[White "Saranya, J"]
[Black "Solodovnichenko, Yuri"]
[Result "1/2-1/2"]
[WhiteTitle "WFM"]
[BlackTitle "GM"]
[WhiteElo "2102"]
[BlackElo "2571"]
[WhiteFideId "5031931"]
[BlackFideId "14104369"]
[EventDate "2018.01.18"]

1. e4 c5 2. Nf3 d6 3. Bb5+ Nd7 4. O-O Nf6 5. Re1 a6 6. Bf1 b6 7. c4 Bb7 8. Nc3
e6 9. b3 Be7 10. g3 Ne5 11. Bb2 O-O 12. d3 Nfd7 13. Bg2 Bf6 14. Rb1 b5 15. Qc2
Qa5 16. Nxe5 Bxe5 17. Kh1 Rab8 18. f4 Bd4 19. Ne2 e5 20. Rf1 bxc4 21. dxc4 Nf6
22. Bc1 Rfe8 23. f5 Bc6 24. h3 Qc7 25. Bg5 Qe7 26. Qd3 h6 27. Bh4 a5 28. g4 a4
29. Ng3 axb3 30. axb3 Ra8 31. g5 hxg5 32. Bxg5 Ra2 33. Nh5 Nxh5 34. Bxe7 Rxe7
35. f6 Re6 36. Rbe1 g6 37. h4 Nf4 38. Rxf4 exf4 39. b4 Rxf6 40. Bf3 Re6 41. b5
Bb7 42. Re2 Ra1+ 43. Kh2 Be3 44. Qc3 Rf1 45. Bg2 Rc1 46. Rc2 Bg1+ 47. Kh3 Bc8
48. Bf3 Bd4 49. Rxc1 Bxc3 50. Rxc3 Kg7 51. Bg4 f5 52. exf5 gxf5 53. Bf3 Kf6 54.
Rd3 Ke7 55. Bd5 Re1 56. Kg2 Rb1 57. Kf3 Rf1+ 58. Kg2 Rb1 59. Kf3 Rf1+ 60. Kg2
Rb1 1/2-1/2

[Event "10th Chennai Open 2018"]
[Site "Chennai IND"]
[Date "2018.01.19"]
[Round "2.4"]
[White "Tukhaev, Adam"]
[Black "Tarini, Goyal"]
[Result "1-0"]
[WhiteTitle "GM"]
[BlackTitle "WFM"]
[WhiteElo "2570"]
[BlackElo "2071"]
[WhiteFideId "14109476"]
[BlackFideId "5082749"]
[EventDate "2018.01.18"]

1. e4 c6 2. d4 d5 3. e5 Bf5 4. Nd2 e6 5. Nb3 Nd7 6. Nf3 Ne7 7. Be2 Bg6 8. Nh4
Nf5 9. Nxg6 hxg6 10. g3 c5 11. c3 Be7 12. O-O O-O 13. a4 a6 14. a5 c4 15. Nd2 b5
16. axb6 Qxb6 17. Nf3 Rfb8 18. Qe1 Qd8 19. h4 Rb6 20. Bd1 Nf8 21. Kg2 Rab8 22.
Ra2 a5 23. Rh1 Nh7 24. Bc2 Ra8 25. Nh2 Qd7 26. Ba4 Qd8 27. f4 Rab8 28. Nf3 R8b7
29. Bc2 Qb8 30. Qd2 a4 31. Rxa4 Rxb2 32. Bxb2 Rxb2 33. Rc1 Nf8 34. Kh3 Bd8 35.
Raa1 Qb5 36. Rcb1 Ne7 37. Bxg6 Rxd2 38. Rxb5 Rf2 39. Bh5 g6 40. Bg4 Nf5 41. Ra8
Be7 42. Rb7 Rf1 43. Bxf5 Rxf3 44. Rxe7 1-0

[Event "10th Chennai Open 2018"]
[Site "Chennai IND"]
[Date "2018.01.19"]
[Round "2.5"]
[White "Thanki, Hemal Karsanji"]
[Black "Sivuk, Vitaly"]
[Result "0-1"]
[BlackTitle "GM"]
[WhiteElo "2101"]
[BlackElo "2550"]
[WhiteFideId "5024927"]
[BlackFideId "14116502"]
[EventDate "2018.01.18"]

1. e4 c5 2. Nf3 d6 3. d4 cxd4 4. Qxd4 a6 5. h3 Nc6 6. Qe3 g6 7. c4 Bh6 8. Qc3
Qa5 9. Qxa5 Nxa5 10. Nc3 Be6 11. Bxh6 Nxh6 12. Nd5 Rc8 13. b3 Nc6 14. Nb6 Rb8
15. Bd3 f6 16. Kd2 Nf7 17. Kc3 Rf8 18. Nd2 Nfe5 19. f4 Nd7 20. Nxd7 Bxd7 21. a4
e5 22. g3 Nd4 23. a5 Ke7 24. b4 Rfc8 25. Nb3 Ne6 26. Rhf1 Ng7 27. f5 gxf5 28.
exf5 Nh5 29. g4 Nf4 30. Rxf4 exf4 31. Rf1 h5 32. Rxf4 hxg4 33. hxg4 Rh8 34. Re4+
Kf7 35. Rd4 Ke7 36. Re4+ Kd8 37. Rd4 Kc7 38. c5 dxc5 39. Nxc5 Rbd8 40. Ne4 Rhf8
41. Rd6 Bc6 42. Rxd8 Kxd8 43. Nc5 Rg8 44. Be2 Ke7 45. Kd4 Rh8 46. Ke3 Rh3+ 47.
Kf4 Rh2 48. Ke3 Kd6 49. Nd3 Rh3+ 50. Kd4 Rh1 51. Ke3 Rb1 52. Kd4 Bb5 53. Kc3 Rg1
54. Bf3 Rg3 55. Be2 Kd5 56. Kd2 Bxd3 57. Bxd3 Rxg4 58. b5 axb5 59. Bxb5 Kc5 60.
Bd3 Ra4 0-1

[Event "10th Chennai Open 2018"]
[Site "Chennai IND"]
[Date "2018.01.19"]
[Round "2.6"]
[White "Manu, David Suthandram R"]
[Black "Tran, Tuan Minh"]
[Result "0-1"]
[BlackTitle "GM"]
[WhiteElo "2081"]
[BlackElo "2548"]
[WhiteFideId "35019562"]
[BlackFideId "12401820"]
[EventDate "2018.01.18"]

1. d4 Nf6 2. Nf3 b6 3. e3 Bb7 4. Be2 g6 5. O-O Bg7 6. c4 O-O 7. Nc3 Ne4 8. Nxe4
Bxe4 9. Nd2 Bb7 10. Bf3 c6 11. b3 d6 12. Ba3 Nd7 13. Qe2 Qc7 14. Rad1 a5 15.
Rfe1 Rfe8 16. g3 a4 17. Bb4 c5 18. Bc3 Reb8 19. b4 e6 20. a3 d5 21. Rc1 cxd4 22.
Bxd4 Bxd4 23. exd4 dxc4 24. Nxc4 Bxf3 25. Qxf3 Rc8 26. Qe3 Nf6 27. Ne5 Qb7 28.
Qf4 Kg7 29. Nc4 Rd8 30. Ne5 Rac8 31. Rxc8 Rxc8 32. Rc1 Nd5 33. Qd2 Rc7 34. b5
Rxc1+ 35. Qxc1 Qe7 36. Ng4 Qc7 37. Qxc7 Nxc7 38. Ne5 Nxb5 39. Nc4 Kf6 40. Nxb6
Nxa3 41. Nxa4 Nb5 42. Nc5 Nxd4 43. Ne4+ Ke7 44. Kg2 f5 45. Nd2 e5 46. f3 Ke6 47.
Kf2 Kd5 48. Ke3 h5 49. Nb1 g5 50. Nc3+ Kc4 51. Na4 Nc2+ 52. Kd2 Nb4 53. Ke3 Nd5+
54. Kf2 Kb4 55. Nb2 Kc3 56. Na4+ Kd4 57. Nb2 Nc3 58. Ke1 Ke3 59. Nc4+ Kxf3 60.
Kf1 e4 61. Ne5+ Ke3 62. Nf7 Kd2 63. Nxg5 e3 64. Nf3+ Kd1 65. h3 Ne4 66. Nd4
Nxg3+ 67. Kg2 e2 68. Nxe2 Nxe2 69. Kf3 Kd2 70. h4 Kd3 71. Kf2 Nd4 72. Kg3 Ke3
73. Kg2 f4 74. Kf1 f3 75. Ke1 f2+ 76. Kf1 Nf5 77. Kg2 Ke2 78. Kh2 Kf3 79. Kh1
f1=Q+ 80. Kh2 Qg2# 0-1

[Event "10th Chennai Open 2018"]
[Site "Chennai IND"]
[Date "2018.01.19"]
[Round "2.7"]
[White "Pruijssers, Roeland"]
[Black "Chaithanyaa, K G"]
[Result "1-0"]
[WhiteTitle "GM"]
[WhiteElo "2536"]
[BlackElo "2060"]
[WhiteFideId "1013068"]
[BlackFideId "5068754"]
[EventDate "2018.01.18"]

1. e4 c5 2. Nf3 d6 3. d4 cxd4 4. Nxd4 Nf6 5. Nc3 a6 6. Be3 e5 7. Nb3 Be7 8. Qd2
O-O 9. O-O-O Be6 10. f4 Ng4 11. g3 Nxe3 12. Qxe3 Nd7 13. Kb1 Nf6 14. Be2 Qc7 15.
f5 Bxb3 16. cxb3 Rac8 17. g4 d5 18. exd5 Bc5 19. Qd3 Bd4 20. g5 Nd7 21. f6 g6
22. h4 h5 23. gxh6 Nxf6 24. h5 Kh7 25. Rh3 Qd7 26. Rf1 Nxd5 27. Nxd5 Qxd5 28.
Bf3 Qe6 29. Be4 Kh8 30. Rhf3 Qe7 31. Rf6 Rcd8 32. Qf3 1-0

[Event "10th Chennai Open 2018"]
[Site "Chennai IND"]
[Date "2018.01.19"]
[Round "2.8"]
[White "Mythireyan, P"]
[Black "Karthikeyan, P."]
[Result "1/2-1/2"]
[BlackTitle "IM"]
[WhiteElo "2077"]
[BlackElo "2497"]
[WhiteFideId "25015060"]
[BlackFideId "5018226"]
[EventDate "2018.01.18"]

1. d4 Nf6 2. c4 e6 3. Nf3 Bb4+ 4. Bd2 a5 5. g3 O-O 6. Bg2 d6 7. O-O Bxd2 8. Qxd2
Nbd7 9. Nc3 Re8 10. Rfd1 h6 11. Rac1 e5 12. dxe5 dxe5 13. Nh4 e4 14. Nf5 Re5 15.
Qf4 Qf8 16. Nxe4 Nh5 17. Qf3 Nc5 18. Qxh5 Bxf5 19. Nxc5 Rxc5 20. Bd5 g6 21. Qf3
c6 22. Be4 Be6 23. Qd3 Qg7 24. b3 Re8 25. Bf3 h5 26. Qd6 Qe5 27. Qxe5 Rxe5 28.
h4 Rc5 29. Rd6 Kf8 30. e3 Ke7 31. Rd4 b5 32. Be2 b4 1/2-1/2

[Event "10th Chennai Open 2018"]
[Site "Chennai IND"]
[Date "2018.01.19"]
[Round "2.9"]
[White "Nguyen, Phuoc Tam"]
[Black "Horvath, Adam1"]
[Result "0-1"]
[BlackTitle "GM"]
[WhiteElo "2068"]
[BlackElo "2484"]
[WhiteFideId "12402109"]
[BlackFideId "708003"]
[EventDate "2018.01.18"]

1. d4 Nf6 2. Nf3 b6 3. g3 Bb7 4. Bg2 g6 5. O-O Bg7 6. c4 O-O 7. Nc3 Ne4 8. Qd3
Nxc3 9. bxc3 d6 10. Bf4 Qe8 11. Qe3 Nc6 12. Bh6 Na5 13. Bxg7 Kxg7 14. c5 e6 15.
h4 Qe7 16. Rab1 Rad8 17. h5 dxc5 18. dxc5 Bxf3 19. Qxf3 Nc4 20. hxg6 hxg6 21.
Qb7 Qxc5 22. Rbd1 Nd2 23. Rfe1 Rh8 24. Qxa7 Qh5 25. Rxd2 Rxd2 26. Qxc7 Rxe2 27.
Rxe2 Qxe2 28. Qxb6 Qe1+ 29. Bf1 Qxc3 30. a4 Ra8 31. Bb5 Qe1+ 32. Kg2 Qe4+ 33. f3
Qc2+ 34. Qf2 Qc3 35. Qb6 Qd2+ 36. Qf2 Rd8 37. Qxd2 Rxd2+ 38. Kh3 Kf6 39. Kg4 g5
40. Be8 Rd8 41. Bc6 Rd4+ 42. Kh3 Rd6 43. Be8 Ke7 44. Bb5 f5 45. Bc4 Rd4 46. Bb5
Kd6 47. Be8 Rd3 48. Kg2 Rd2+ 49. Kh3 Rf2 50. Bh5 Ke5 0-1

[Event "10th Chennai Open 2018"]
[Site "Chennai IND"]
[Date "2018.01.19"]
[Round "2.10"]
[White "Karthik, Venkataraman"]
[Black "Rajarishi, Karthi"]
[Result "1-0"]
[WhiteTitle "FM"]
[BlackTitle "CM"]
[WhiteElo "2476"]
[BlackElo "2050"]
[WhiteFideId "25006479"]
[BlackFideId "5092523"]
[EventDate "2018.01.18"]

1. e4 e6 2. d4 d5 3. Nd2 Be7 4. e5 c5 5. c3 Nc6 6. Bd3 Nh6 7. Ndf3 Nf5 8. Ne2 f6
9. exf6 Bxf6 10. Bxf5 exf5 11. dxc5 Qe7 12. Be3 Be6 13. O-O O-O 14. Re1 Bf7 15.
Ned4 Bh5 16. Bf4 Qxc5 17. Ne6 Qc4 18. Nxf8 Rxf8 19. Bd2 d4 20. Qb3 Qxb3 21. axb3
Bxf3 22. gxf3 Ne5 23. Kg2 Nd3 24. Reb1 Re8 25. Kf1 Nxb2 26. c4 Nd3 27. Rxa7 Re7
28. f4 Bh4 29. b4 Rc7 30. f3 Rxc4 31. Ra3 Nf2 32. Rc1 b5 33. Rxc4 bxc4 34. Be1 1-0

[Event "10th Chennai Open 2018"]
[Site "Chennai IND"]
[Date "2018.01.19"]
[Round "2.11"]
[White "Balkishan, A."]
[Black "Deepan, Chakkravarthy J."]
[Result "0-1"]
[BlackTitle "GM"]
[WhiteElo "2061"]
[BlackElo "2475"]
[WhiteFideId "5029520"]
[BlackFideId "5011132"]
[EventDate "2018.01.18"]

1. d4 Nf6 2. Nf3 e6 3. c4 Bb4+ 4. Nbd2 O-O 5. a3 Be7 6. e4 d5 7. e5 Nfd7 8. Bd3
c5 9. O-O Nc6 10. Re1 a5 11. cxd5 exd5 12. Bb1 a4 13. Ba2 cxd4 14. Bxd5 Nc5 15.
Ba2 Be6 16. Bxe6 fxe6 17. Ne4 Nb3 18. Rb1 Qd5 19. Bg5 Bxg5 20. Nfxg5 h6 21. Nf3
Nxe5 22. Nxe5 Qxe5 23. Nd2 Qd5 24. Nxb3 axb3 25. Qe2 Rac8 26. Qxe6+ Qxe6 27.
Rxe6 Rc2 28. f3 Rd8 29. Kf1 d3 30. Re3 Rd2 31. Rc1 Rxb2 32. Rd1 Rc2 33. Re7 b2
34. Rxb7 Rc1 0-1

[Event "10th Chennai Open 2018"]
[Site "Chennai IND"]
[Date "2018.01.19"]
[Round "2.12"]
[White "Khusenkhojaev, Muhammad"]
[Black "Tarun, Kanyamarala"]
[Result "1-0"]
[WhiteTitle "IM"]
[WhiteElo "2462"]
[BlackElo "2031"]
[WhiteFideId "14700247"]
[BlackFideId "45004714"]
[EventDate "2018.01.18"]

1. Nf3 d5 2. b3 Nf6 3. Bb2 e6 4. c4 Be7 5. g3 O-O 6. Bg2 c5 7. cxd5 Nxd5 8. O-O
Nc6 9. d4 cxd4 10. Nxd4 Nxd4 11. Bxd4 Bd7 12. Bxd5 exd5 13. Qd3 Bh3 14. Rd1 Qd7
15. Nc3 Rfd8 16. Qb5 Rac8 17. Qxd7 Rxd7 18. a3 Bc5 19. Nb5 a6 20. b4 axb5 21.
bxc5 Rdc7 22. Be3 Bd7 23. Rxd5 Bc6 24. Rd3 Rd7 25. Rad1 Rcd8 26. Rd6 f6 27. f3
Kf7 28. Kf2 Ke7 29. R1d3 Ra8 30. Bd2 Rdd8 31. g4 h6 32. h4 Rh8 33. Kg3 Kf7 34.
g5 hxg5 35. hxg5 Rae8 36. e4 Re6 37. Rxe6 Kxe6 38. Rd6+ Ke7 39. Bc3 Rf8 40.
gxf6+ gxf6 41. Kf4 Bd7 42. Bb4 Bc6 43. Bc3 Rf7 44. Kf5 Bd7+ 45. Kg6 Be8 46. f4
Rf8+ 47. Kf5 Bd7+ 48. Rxd7+ Kxd7 49. Bxf6 Rc8 50. Bd4 Ra8 51. e5 Rf8+ 52. Ke4
Ke6 53. Bf2 Rf7 54. Bh4 Rf8 55. Bg5 Rf5 56. Bf6 Rh5 57. Bg5 Rh1 58. f5+ Kf7 59.
e6+ Ke8 60. f6 Kf8 61. Kf5 Rh8 62. f7 Rh1 63. Ke4 1-0

[Event "10th Chennai Open 2018"]
[Site "Chennai IND"]
[Date "2018.01.19"]
[Round "2.13"]
[White "Chitlange, Sakshi"]
[Black "Czebe, Attila"]
[Result "0-1"]
[WhiteTitle "WIM"]
[BlackTitle "GM"]
[WhiteElo "2057"]
[BlackElo "2458"]
[WhiteFideId "35002899"]
[BlackFideId "705268"]
[EventDate "2018.01.18"]

1. d4 d6 2. Nf3 Nf6 3. c4 g6 4. Nc3 Bf5 5. Qb3 b6 6. g3 c5 7. d5 Bg7 8. Bg2 O-O
9. O-O Na6 10. Nh4 Bd7 11. e4 Nc7 12. Re1 Rb8 13. Bf1 b5 14. cxb5 Nxb5 15. Nxb5
Bxb5 16. Bxb5 Qa5 17. Nf3 Rxb5 18. Qc2 Ng4 19. Re2 Rfb8 20. h3 Rxb2 21. Bxb2
Rxb2 22. Qd1 Rxe2 23. Qxe2 Bxa1 24. hxg4 Qa4 25. Ne1 Kg7 26. Qc2 Qd4 27. Kg2 c4
28. Nf3 Qd3 29. Ne1 Qd4 30. Nf3 Qc3 31. Qxc3+ Bxc3 32. g5 Kf8 33. Kf1 Ke8 34.
Ke2 Bb4 35. Nd4 Bc5 36. Nc6 e6 37. f3 exd5 38. exd5 f6 39. gxf6 h5 40. Na5 c3
41. Nb3 g5 42. Na1 h4 43. gxh4 gxh4 44. f4 h3 45. Kf3 Bg1 46. Nc2 Kf7 47. Kg3 h2
48. Kg2 Kxf6 49. Nb4 a5 50. Nc2 Kf5 51. Ne1 Kxf4 52. Nc2 Ke4 53. Ne1 Kxd5 0-1

[Event "10th Chennai Open 2018"]
[Site "Chennai IND"]
[Date "2018.01.19"]
[Round "2.14"]
[White "Visakh, N R"]
[Black "Barath, Kalyan M"]
[Result "1-0"]
[WhiteTitle "IM"]
[WhiteElo "2457"]
[BlackElo "2022"]
[WhiteFideId "25012223"]
[BlackFideId "25016555"]
[EventDate "2018.01.18"]

1. Nf3 Nf6 2. c4 e6 3. Nc3 Bb4 4. Qc2 Nc6 5. a3 Bxc3 6. Qxc3 a5 7. b3 d6 8. Bb2
e5 9. d3 O-O 10. e3 Re8 11. Be2 d5 12. h3 Bf5 13. cxd5 Nxd5 14. Qc5 Bg6 15. O-O
Qd6 16. Rfc1 Nb6 17. d4 exd4 18. Qxd6 cxd6 19. Nxd4 Rac8 20. Bg4 Rb8 21. Nxc6
bxc6 22. Rxc6 h5 23. Bf3 Nc8 24. Bc3 Rxb3 25. Bxa5 Kh7 26. Bb4 Rd8 27. Rac1 Na7
28. Rb6 d5 29. Rb7 Nc8 30. Rb8 Bf5 31. Bxh5 g6 32. Bg4 Bxg4 33. hxg4 d4 34. exd4
Rxd4 35. Rbxc8 Rdxb4 36. axb4 Rxb4 37. g5 Rg4 38. R1c5 Kg7 39. Rd8 Kh7 40. f3
Ra4 41. Rcc8 Ra1+ 42. Kh2 Ra5 43. Rh8+ Kg7 44. Rcg8# 1-0

[Event "10th Chennai Open 2018"]
[Site "Chennai IND"]
[Date "2018.01.19"]
[Round "2.15"]
[White "Soham, Datar"]
[Black "Dzhumaev, Marat"]
[Result "0-1"]
[BlackTitle "GM"]
[WhiteElo "2032"]
[BlackElo "2434"]
[WhiteFideId "5097169"]
[BlackFideId "14200236"]
[EventDate "2018.01.18"]

1. Nf3 Nf6 2. c4 g6 3. g3 Bg7 4. Bg2 O-O 5. O-O d6 6. d4 c6 7. Nc3 Qb6 8. h3 Qa6
9. b3 b5 10. Nd2 bxc4 11. Nxc4 Be6 12. Ne3 Nbd7 13. Bb2 Rac8 14. Na4 Nb6 15.
Nxb6 axb6 16. Qd2 d5 17. b4 Qa4 18. Rfc1 Ne8 19. a3 Nd6 20. Qc2 Qxc2 21. Rxc2 b5
22. Rac1 Bd7 23. h4 Rfe8 24. Kh2 e5 25. dxe5 Bxe5 26. Bxe5 Rxe5 27. Ra1 Ra8 28.
Nd1 Nc4 29. Nb2 Bf5 30. Nxc4 dxc4 31. e4 Rxe4 32. Bxe4 Bxe4 33. Rc3 Bd5 34. Re1
Kf8 35. Kg1 Be6 36. Kf1 Ke7 37. Ke2 Kd6 38. Kd2 Bf5 39. Kc1 c5 40. bxc5+ Kxc5
41. Re5+ Kd4 42. Ree3 b4 43. axb4 Ra2 44. b5 Rxf2 45. b6 Rf1+ 46. Kd2 Rb1 47. g4
Rb2+ 48. Kc1 Rb1+ 49. Kd2 Bxg4 50. Rb3 cxb3 51. Rd3+ Ke4 52. Re3+ Kf4 53. b7
Rd1+ 54. Kc3 Rd8 0-1

[Event "10th Chennai Open 2018"]
[Site "Chennai IND"]
[Date "2018.01.19"]
[Round "2.16"]
[White "Laxman, R.R."]
[Black "Chittal, Sairaj"]
[Result "1-0"]
[WhiteTitle "GM"]
[WhiteElo "2434"]
[BlackElo "2015"]
[WhiteFideId "5005361"]
[BlackFideId "5047404"]
[EventDate "2018.01.18"]

1. d4 Nf6 2. Nf3 e6 3. c4 b6 4. g3 Ba6 5. b3 Bb4+ 6. Bd2 Be7 7. Nc3 Bb7 8. Bg2
O-O 9. O-O Na6 10. Qc2 c5 11. Rad1 cxd4 12. Nxd4 Bxg2 13. Kxg2 Nb4 14. Qb2 Qc8
15. a3 Nc6 16. Nf3 Qb7 17. e4 h6 18. Bf4 Rfd8 19. Bd6 Bxd6 20. Rxd6 Ne8 21. Rd3
d6 22. Rfd1 Rd7 23. Nd4 Rad8 24. f3 a6 25. Nxc6 Qxc6 26. Ne2 Qc5 27. Nd4 Nf6 28.
b4 Qc7 29. Rc3 Qb7 30. b5 a5 31. Nc6 Rc8 32. Rcd3 Qc7 33. e5 Ne8 34. Qd2 d5 35.
cxd5 1-0

[Event "10th Chennai Open 2018"]
[Site "Chennai IND"]
[Date "2018.01.19"]
[Round "2.17"]
[White "Pranesh, M"]
[Black "Nitin, S."]
[Result "0-1"]
[BlackTitle "IM"]
[WhiteElo "2031"]
[BlackElo "2422"]
[WhiteFideId "35028600"]
[BlackFideId "5018277"]
[EventDate "2018.01.18"]

1. e4 c5 2. Nf3 e6 3. c3 d5 4. exd5 Qxd5 5. d4 Nf6 6. Be2 Be7 7. c4 Qd8 8. Nc3
cxd4 9. Qxd4 Nbd7 10. Bf4 O-O 11. O-O b6 12. Rad1 Bc5 13. Qd2 Bb7 14. Bd6 Re8
15. b4 Bxd6 16. Qxd6 e5 17. Nb5 Re7 18. Nh4 g6 19. Bf3 Ne8 20. Qd2 e4 21. Bg4
Bc6 22. Qc2 Re5 23. f4 Re7 24. Nd4 Rc8 25. f5 Bd5 26. fxg6 hxg6 27. Nhf5 Rxc4
28. Nxe7+ Qxe7 29. Qd2 Ne5 30. Be2 Rxb4 31. Nc2 Qc5+ 32. Kh1 Rb2 33. Qxd5 Rxc2
34. Bb5 e3 35. Bxe8 e2 36. Bxf7+ Kg7 37. Qe6 exf1=Q+ 38. Rxf1 Rf2 39. Re1 Nxf7
40. h4 Qf5 41. Qc4 Rf4 42. Qc3+ Qf6 43. Qd2 Rxh4+ 44. Kg1 Qd4+ 45. Qxd4+ Rxd4
46. Re2 Kf6 47. Kh1 Ne5 48. Kg1 g5 0-1

[Event "10th Chennai Open 2018"]
[Site "Chennai IND"]
[Date "2018.01.19"]
[Round "2.18"]
[White "Llaneza Vega, Marcos"]
[Black "Gaikwad, Siddhant"]
[Result "1-0"]
[WhiteTitle "IM"]
[WhiteElo "2421"]
[BlackElo "2009"]
[WhiteFideId "2253585"]
[BlackFideId "25010239"]
[EventDate "2018.01.18"]

1. e4 c5 2. Nf3 d6 3. Bb5+ Nd7 4. O-O Nf6 5. Re1 e6 6. b3 a6 7. Bxd7+ Nxd7 8.
Bb2 Rg8 9. d4 cxd4 10. Nxd4 Qh4 11. Nd2 Qd8 12. Nc4 b5 13. Ne3 Nf6 14. a4 bxa4
15. Rxa4 Bd7 16. Rc4 e5 17. Nc6 Bxc6 18. Rxc6 Nxe4 19. Nd5 Nf6 20. Bxe5 dxe5 21.
Nc7+ 1-0

[Event "10th Chennai Open 2018"]
[Site "Chennai IND"]
[Date "2018.01.19"]
[Round "2.19"]
[White "Sibi, Visal R"]
[Black "Arjun, Kalyan"]
[Result "1/2-1/2"]
[WhiteElo "2020"]
[BlackElo "2407"]
[WhiteFideId "46685588"]
[BlackFideId "35018701"]
[EventDate "2018.01.18"]

1. c4 e5 2. Nc3 Nf6 3. g3 d5 4. cxd5 Nxd5 5. Bg2 Nb6 6. Nf3 Nc6 7. O-O Be7 8. d3
O-O 9. a3 Re8 10. Qc2 Bf8 11. b4 Bg4 12. Be3 Nd4 13. Bxd4 exd4 14. Ne4 c6 15.
Nc5 Bxf3 16. Bxf3 Qc7 17. Rfc1 a5 18. Qb2 Red8 19. Rab1 a4 20. b5 Bxc5 21. Rxc5
Nd7 22. Rc2 c5 23. Qxd4 Ne5 24. Qf4 Nxf3+ 25. Qxf3 b6 26. Qc6 Qb8 27. Rc4 Rd6
28. Qf3 Qa7 29. Rbc1 Rf8 30. Qf4 Re6 31. Re4 Rxe4 32. Qxe4 Qa5 33. Qc4 g6 34.
Rd1 Rd8 35. e3 Qa8 36. d4 cxd4 37. exd4 Rc8 38. Qb4 Rd8 39. Rc1 Qe4 40. Re1 Qd3
41. Qxa4 Rxd4 42. Qa8+ Kg7 43. Re8 Qb1+ 44. Kg2 Qxb5 45. Rg8+ Kf6 46. Qf3+ Qf5
47. Qc3 Qe4+ 48. Kg1 Qb1+ 49. Kg2 Qe4+ 50. Kg1 Qb1+ 1/2-1/2

[Event "10th Chennai Open 2018"]
[Site "Chennai IND"]
[Date "2018.01.19"]
[Round "2.20"]
[White "Raghunandan, Kaumandur Srihari"]
[Black "Mohite, Ranveer"]
[Result "1-0"]
[WhiteTitle "IM"]
[WhiteElo "2402"]
[BlackElo "1997"]
[WhiteFideId "25004964"]
[BlackFideId "25010352"]
[EventDate "2018.01.18"]

1. e4 c5 2. Nf3 d6 3. Bb5+ Nd7 4. O-O a6 5. Bd3 Ngf6 6. Re1 e6 7. a4 b6 8. c3
Be7 9. Bc2 Bb7 10. d4 Qc7 11. Bg5 Rc8 12. d5 c4 13. Nd4 Nc5 14. Nd2 O-O 15. Nxc4
Ncxe4 16. Bxe4 Qxc4 17. Bxf6 Bxf6 18. dxe6 Bxe4 19. exf7+ Rxf7 20. Rxe4 d5 21.
Rg4 Kh8 22. Nf5 Qc5 23. Qd3 Re8 24. Rd1 g6 25. Ne3 Rfe7 26. Kf1 Qc8 27. h3 Re5
28. Rg3 Qe6 29. Rf3 Bg5 30. Nc2 Re4 31. b3 a5 32. Kg1 Kg7 33. Qxd5 Qxd5 34. Rxd5
Bf6 35. Rd7+ R8e7 36. Rxe7+ Rxe7 37. Kf1 h5 38. Rd3 Rc7 39. c4 g5 40. Ne3 Rc6
41. Ke2 Kg6 42. Rd5 Re6 43. Kd3 Be7 44. Rd4 Bc5 45. Re4 Rd6+ 46. Ke2 Rf6 47. g4
hxg4 48. Nxg4 Rd6 49. Ne3 Rf6 50. Ng4 Rd6 51. Ne3 Rf6 52. h4 gxh4 53. Rxh4 Re6
54. Kf3 Rd6 55. Nd5 Rd8 56. Rg4+ Kf5 57. Rf4+ Kg5 58. Rf7 Kg6 59. Rf4 Kg5 60.
Rg4+ Kf5 61. Re4 Rh8 62. Ne3+ Kg6 63. Kg2 Rd8 64. Nd5 Kf5 65. Re1 Rg8+ 66. Kf3
Rh8 67. Ne3+ Ke5 68. Rd1 Rh3+ 69. Kg2 Rh8 70. Rd5+ Ke4 71. Nf1 Kf4 72. Ng3 Kg4
73. Ne4 Bb4 74. Rb5 Kf4 75. Nf6 Bc5 76. Nd5+ Ke4 77. Nxb6 Rg8+ 78. Kf1 Bd4 79.
Nd7 Rh8 80. Ke2 Rc8 81. Rxa5 Rc7 82. Rd5 Ba7 83. Nf6+ Kf4 84. Nh5+ Kg4 85. f3+
Kh4 86. Nf6 Rb7 87. Rh5+ Kg3 88. Rb5 Re7+ 89. Ne4+ Kf4 90. c5 Rh7 91. Kd3 1-0

[Event "10th Chennai Open 2018"]
[Site "Chennai IND"]
[Date "2018.01.19"]
[Round "3.1"]
[White "Vignesh, B"]
[Black "Gareyev, Timur"]
[Result "0-1"]
[BlackTitle "GM"]
[WhiteElo "1726"]
[BlackElo "2605"]
[WhiteFideId "35051555"]
[BlackFideId "14200937"]
[EventDate "2018.01.18"]

1. e4 e5 2. Nf3 Nc6 3. Bc4 Qf6 4. Nc3 Na5 5. Be2 Nc6 6. Nd5 Qd8 7. d4 d6 8. Bg5
f6 9. Be3 Nge7 10. dxe5 dxe5 11. Bc4 Qd6 12. Bc5 Qd7 13. Ne3 Na5 14. Bd3 b6 15.
Bb4 Nac6 16. Ba3 Ng6 17. Bxf8 Rxf8 18. g3 Bb7 19. Qe2 O-O-O 20. Ba6 Nd4 21. Nxd4
exd4 22. O-O-O Qe6 23. Nd5 c6 24. Bxb7+ Kxb7 25. Qa6+ Kb8 26. Nxb6 c5 27. Rd3
Rd6 28. Ra3 Rf7 29. Qa5 Rxb6 30. Qxc5 Qxe4 31. f3 Qe5 32. Qc4 Rc7 33. Qd3 Qc5
34. f4 Ne7 35. Re1 Qb4 36. Kd1 Qxb2 37. Rb3 Qxa2 38. Qe2 0-1

[Event "10th Chennai Open 2018"]
[Site "Chennai IND"]
[Date "2018.01.19"]
[Round "3.2"]
[White "Pranav, V"]
[Black "Tiviakov, Sergei"]
[Result "0-1"]
[BlackTitle "GM"]
[WhiteElo "2275"]
[BlackElo "2584"]
[WhiteFideId "25060783"]
[BlackFideId "1008013"]
[EventDate "2018.01.18"]

1. Nf3 Nf6 2. g3 b6 3. Bg2 Bb7 4. O-O g6 5. d3 Bg7 6. e4 d6 7. h3 c5 8. Be3 Nc6
9. c4 O-O 10. Nc3 e6 11. d4 e5 12. dxe5 dxe5 13. Nd2 Nd4 14. Nd5 Nxd5 15. cxd5
f5 16. Bxd4 exd4 17. Qb3 Kh8 18. Rfe1 fxe4 19. Bxe4 Rb8 20. a4 Qd7 21. h4 Rbd8
22. d6 Bc8 23. Nc4 Qf7 24. Qc2 Be6 25. Bd3 Bd5 26. f4 Rfe8 27. Kh2 Qf6 28. Qd2
Bf8 29. Rxe8 Rxe8 30. Re1 Rd8 31. Re5 Bf7 32. Qe2 Bxd6 33. Nxd6 Rxd6 34. h5 Re6
35. Qe4 Kg7 36. Kg2 Rxe5 37. fxe5 Qe6 38. Kh2 Qf5 39. h6+ Kxh6 40. Qa8 Qf2+ 41.
Kh1 Be6 42. Be4 Qf1+ 43. Kh2 Qh3+ 44. Kg1 Qxg3+ 45. Kh1 Qxe5 46. Kg2 Qf4 47. Bf3
d3 48. Qc6 Bf5 49. Qa8 Bg4 50. Bd5 d2 51. Qd8 Bh3+ 52. Kxh3 d1=Q 53. Qd7 Qf5+
54. Qxf5 gxf5 55. Kh4 Qg4# 0-1

[Event "10th Chennai Open 2018"]
[Site "Chennai IND"]
[Date "2018.01.19"]
[Round "3.3"]
[White "Praveen, Kumar C"]
[Black "Tukhaev, Adam"]
[Result "0-1"]
[WhiteTitle "IM"]
[BlackTitle "GM"]
[WhiteElo "2241"]
[BlackElo "2570"]
[WhiteFideId "5007372"]
[BlackFideId "14109476"]
[EventDate "2018.01.18"]

1. d4 Nf6 2. c4 g6 3. Nc3 Bg7 4. e4 O-O 5. Nf3 d6 6. Be2 e5 7. O-O Nc6 8. d5 Ne7
9. b4 Ne8 10. Ba3 f5 11. Nd2 Nf6 12. c5 Bh6 13. cxd6 cxd6 14. Bd3 Rf7 15. Nc4 b5
16. Nxb5 fxe4 17. Be2 Nf5 18. Bc1 Bxc1 19. Rxc1 Ba6 20. Na5 Bxb5 21. Bxb5 e3 22.
Bd3 e4 23. Be2 exf2+ 24. Rxf2 Ne3 25. Qd4 Qb6 26. Nc6 Qxd4 27. Nxd4 Nfxd5 28.
Rxf7 Kxf7 29. b5 Kf6 30. a4 Nf5 31. Nc6 Rc8 32. Rc4 Rc7 33. a5 Nfe7 34. Nxe7
Rxe7 35. g3 Ke5 36. Rc8 Kd4 37. Rc6 Nc3 38. Rc4+ Ke3 39. Rxc3+ Kxe2 40. Rc6 Re5
41. Rxd6 Rxb5 42. Ra6 Rb7 43. Rd6 e3 44. a6 Rb1+ 45. Kg2 Ra1 46. Re6 Kd2 0-1